Higher engineering mathematics (Record no. 5091)

MARC details
000 -LEADER
fixed length control field 00388nam a22001577a 4500
005 - DATE AND TIME OF LATEST TRANSACTION
control field 20180425120913.0
008 - FIXED-LENGTH DATA ELEMENTS--GENERAL INFORMATION
fixed length control field 160701b xxu||||| |||| 00| 0 eng d
041 ## - LANGUAGE CODE
Language code of text/sound track or separate title eng
082 ## - DEWEY DECIMAL CLASSIFICATION NUMBER
Item number 20542
Classification number 510.2462
100 ## - MAIN ENTRY--AUTHOR NAME
Personal name Grewal, BS
245 ## - TITLE STATEMENT
Title Higher engineering mathematics
260 ## - PUBLICATION, DISTRIBUTION, ETC. (IMPRINT)
Name of publisher Khanna Publication
Year of publication 2015
300 ## - PHYSICAL DESCRIPTION
Number of Pages 1309
650 ## - SUBJECT ADDED ENTRY--TOPICAL TERM
Topical Term Diploma Engineering
942 ## - ADDED ENTRY ELEMENTS (KOHA)
Koha item type Books
Holdings
Lost status Damaged status Collection code Home library Shelving location Date acquired Cost, normal purchase price Full call number Accession Number Koha item type Current library
    CS/IT JRU Library SHELF-57-F 01/07/2016 725.00 510.2462 20542 Books  
    CS/IT JRU Library SHELF-57-F 01/07/2016 725.00 510.2462 20543 Books  
    CS/IT JRU Library SHELF-57-F 01/07/2016 725.00 510.2462 20544 Books  
    CS/IT JRU Library SHELF-57-F 01/07/2016 725.00 510.2462 20545 Books  
      JRU Library Shelf - 10 - L 01/07/2016 725.00 510.2462 20546 Books  
    CS/IT JRU Library SHELF-57-F 01/07/2016 725.00 510.2462 20547 Books  
    CS/IT JRU Library SHELF-57-F 01/07/2016 725.00 510.2462 20548 Books  
    CS/IT JRU Library SHELF-57-F 01/07/2016 725.00 510.2462 20549 Books  
    CS/IT JRU Library SHELF-57-F 01/07/2016 725.00 510.2462 20550 Books  
    CS/IT JRU Library SHELF-57-F 01/07/2016 725.00 510.2462 20551 Books  
    CS/IT JRU Library SHELF-57-F 01/07/2016 725.00 510.2462 20552 Books  
      JRU Library Shelf - 10 - L 01/07/2016 725.00 510.2462 20553 Books  
    CS/IT JRU Library SHELF-57-F 01/07/2016 725.00 510.2462 20554 Books  
Lost and Paid For     JRU Library Shelf - 10 - L 01/07/2016 725.00 510.2462 20555 Books JRU Library
    CS/IT JRU Library SHELF-57-F 01/07/2016 725.00 510.2462 20556 Books  
    CS/IT JRU Library SHELF-57-F 01/07/2016 725.00 510.2462 20557 Books  
      JRU Library Shelf - 10 - L 01/07/2016 725.00 510.2462 20558 Books  
    CS/IT JRU Library SHELF-57-F 01/07/2016 725.00 510.2462 20559 Books  
    CS/IT JRU Library SHELF-57-F 01/07/2016 725.00 510.2462 20560 Books  
      JRU Library Shelf - 10 - L 01/07/2016 725.00 510.2462 20561 Books